000 00325 a2200133 4500
001 60241
020 _a
040 _cAnchieta - Pituba
240 1 0 _aBrügge und seine schönheiten
_lpor
245 1 0 _aBrügge und seine schönheiten
300 _a91
650 4 _aTratamento histórico e geográfico de pessoas
942 _cBK
999 _c60241
_d60241